000 01170cad a22003015a 4500
001 L147977
008 090708s2009 xxk f v 100 0 eng d
035 _a(Sirsi) u147977
041 0 _aeng
050 0 4 _a346.4104342 $2 18
100 1 _aFitzgerald, Elizabeth
245 0 0 _aCase study
_bservice charges
_h[electronic resource]
260 _a[S.l.]
_bPLA
_c2009
490 0 _aFalcon Chambers Case Study
520 _aDiscusses the possibility for a landlord letting to commercial tenants to be able to change the service charge percentages or re-apportion them. Considers the impact in case of a residential element to the building.
521 _aAdvanced
590 _aKA
650 2 4 _aFINCHBOURNE LTD V RODRIGUES
650 2 4 _aNIKKO HOTELS (UK) LTD V MEPC PLC
650 2 4 _aCONCORDE V ANDROMEDA
650 2 4 _aJOLLYBIRD LTD V FARIZKONE LTD
650 2 4 _aLANDLORD AND TENANT ACT 1987 S35
651 4 _aUnited Kingdom
_y
690 _aPROPERTY-LANDLORD AND TENANT-SERVICE CHARGES
710 1 _aFalcon Chambers
856 4 0 _uhttps://www.pla.org.uk/library/martin_dray_case_study
_zView the case study free of charge at www.pla.org.uk...
942 _n0
999 _c109822
_d109822